000
00301nam a2200133Ia 4500
100
_a
Dadhe/ Jamdar
942
_c
BK
654
_a
Applied Mechanics
245
_a
Fundementals of Applied Mechanics
260
_b
Sarita Prakashan
_a
Poona
_c
1973
082
_a
620.1
300
_a
564
546
_a
ENGLISH
999
_c
28046
_d
28046